States with the Largest Islands - Statistics

General Stats
  • This quiz has been taken 57 times
  • The average score is 9 of 10
Answer Stats
Area of Island (mi^2) Answer % Correct
4,028 Hawaii
100%
3,588 Alaska
98%
1,401 New York
98%
169 Washington
98%
98 California
96%
209 Texas
92%
206 Michigan
87%
100 Louisiana
83%
91 Massachusetts
81%
84 South Carolina
68%
No matching quizzes found
Score Distribution
Percent of People with Each Score
Percentile by Number Answered
Your Score History
You have not taken this quiz